000 01516cam a22002174a 4500
005 20250605164003.0
008 250528s ||||||||||||||||||||||||d
035 _a15717
020 _a1852785349
040 _aGR-AtMCL
_bgre
_dGR-AtMCL
_eAACR2
245 1 _aEurope and the Multinationals / Issues and Responses for the 1990s
260 _c1992
300 _a322
520 _aForeword, European Business and Environments, European Business and Environments in the 1990s, Industria Dynamics in Europe, Will There Be a European Food Processing Industry?, The Computer Industry and the European Community: Issues and Responses in the 1990s, Competitive Dynamics in the World Machine Tool Industry: Battleground UK, Industry Dynamics in Europe: The Motor Industry, Market Entry and Development Modes, Cross-Border Mergers and Acquisitions and Alliances in Europe, Foreign Market Servicing Strategies of UK Retail Financial Service Firms in Continental Europe, Nationality of Ownership Dimensions, The Impact of Japanese Manufacturing Investment on European Industry, The Internationalization of the South Korean and Taiwanese Electronic Industries: The European Dimension, Organization and Human Resource Management Perspectives, Internationalization of the Second Degree: The Emergence of European-Based Centres in Swedish Firms, References, Index.
700 1 _aEdward Arnold
_9242
700 1 _aHamill James
_91683
700 1 _aYoung Stephen
_91684
942 _cBK
999 _c1273
_d1273